000
00305nam a22001337a 4500
008
170523b xxu||||| |||| 00| 0 eng d
020
_a
9780072881387
041
_a
eng
080
_2
3rd
_a
62
100
_a
26
101
_a
SHI
245
_a
INTRODUCTION TO RADAR SYSTEMS
_c
SKOLNIK, M.I
942
_2
udc
_c
BK
999
_c
13922
_d
13922